Bioinformatics programming using Python / (Record no. 523492)

000 -LEADER
fixed length control field 01390cam a22003617a 4500
001 - CONTROL NUMBER
control field 16798309
003 - CONTROL NUMBER IDENTIFIER
control field NUST
005 - DATE AND TIME OF LATEST TRANSACTION
control field 20190325105145.0
008 - FIXED-LENGTH DATA ELEMENTS--GENERAL INFORMATION
fixed length control field 110526s2010 caua b 001 0 eng d
010 ## - LIBRARY OF CONGRESS CONTROL NUMBER
LC control number 2011377369
020 ## - INTERNATIONAL STANDARD BOOK NUMBER
International Standard Book Number 9780596154509
020 ## - INTERNATIONAL STANDARD BOOK NUMBER
International Standard Book Number 059615450X
035 ## - SYSTEM CONTROL NUMBER
System control number (OCoLC)ocn401155086
038 ## - RECORD CONTENT LICENSOR
Staff Name Nusrat Nadeem
040 ## - CATALOGING SOURCE
Original cataloging agency BTCTA
Transcribing agency BTCTA
Modifying agency BWX
-- YDXCP
-- OCLCQ
-- CDX
-- WEA
-- UAB
-- DLC
042 ## - AUTHENTICATION CODE
Authentication code lccopycat
050 00 - LIBRARY OF CONGRESS CALL NUMBER
Classification number QH324.2
Item number .M63 2010
082 ## - DEWEY DECIMAL CLASSIFICATION NUMBER
Classification number 324.2
100 1# - MAIN ENTRY--PERSONAL NAME
Personal name Model, Mitchell L.
9 (RLIN) 13953
245 10 - TITLE STATEMENT
Title Bioinformatics programming using Python /
Statement of responsibility, etc. Mitchell L. Model.
260 ## - PUBLICATION, DISTRIBUTION, ETC.
Place of publication, distribution, etc. Sebastapol, CA :
Name of publisher, distributor, etc. O'Reilly,
Date of publication, distribution, etc. c2010.
300 ## - PHYSICAL DESCRIPTION
Extent xxvii, 492 p. :
Other physical details ill. ;
Dimensions 24 cm.
500 ## - GENERAL NOTE
General note "Covers Python 3"--cover.
504 ## - BIBLIOGRAPHY, ETC. NOTE
Bibliography, etc. note Includes bibliographical references and index.
650 #0 - SUBJECT ADDED ENTRY--TOPICAL TERM
Topical term or geographic name entry element Bioinformatics.
9 (RLIN) 13954
650 #0 - SUBJECT ADDED ENTRY--TOPICAL TERM
Topical term or geographic name entry element Python (Computer program language)
9 (RLIN) 3211
856 42 - ELECTRONIC LOCATION AND ACCESS
Materials specified Contributor biographical information
Uniform Resource Identifier <a href="http://www.loc.gov/catdir/enhancements/fy1112/2011377369-b.html">http://www.loc.gov/catdir/enhancements/fy1112/2011377369-b.html</a>
856 42 - ELECTRONIC LOCATION AND ACCESS
Materials specified Publisher description
Uniform Resource Identifier <a href="http://www.loc.gov/catdir/enhancements/fy1112/2011377369-d.html">http://www.loc.gov/catdir/enhancements/fy1112/2011377369-d.html</a>
856 41 - ELECTRONIC LOCATION AND ACCESS
Materials specified Table of contents only
Uniform Resource Identifier <a href="http://www.loc.gov/catdir/enhancements/fy1112/2011377369-t.html">http://www.loc.gov/catdir/enhancements/fy1112/2011377369-t.html</a>
906 ## - LOCAL DATA ELEMENT F, LDF (RLIN)
a 7
b cbc
c copycat
d 2
e ncip
f 20
g y-gencatlg
942 ## - ADDED ENTRY ELEMENTS (KOHA)
Source of classification or shelving scheme
Koha item type Book
Holdings
Withdrawn status Lost status Source of classification or shelving scheme Damaged status Not for loan Permanent Location Current Location Shelving location Date acquired Total Checkouts Full call number Barcode Date last seen Date last checked out Price effective from Koha item type
          School of Interdisciplinary Engineering and Sciences (SINES) School of Interdisciplinary Engineering and Sciences (SINES) General Stacks 03/25/2019 1 324.2 RCMS003066 12/20/2019 11/25/2019 03/25/2019 Book
© 2023 Central Library, National University of Sciences and Technology. All Rights Reserved.